000 00513nam a2200229Ia 4500
008 210210b1914 xxu||||| |||| 00| 0 eng d
041 _aeng
082 _a580/64
100 _aDIXON (H H)
245 _aTranspiration and the ascent of sap in plants
260 _aLondon
_bMacmillan & Co. Ltd.
_c1914
650 _aTranspiration
650 _athe
650 _asap
650 _aplants
650 _aof
650 _ain
650 _aascent
650 _aand
690 _aBotany
906 _a010330
999 _c138098
_d138098